| 000 | 00679nam a2200205 a 4500 | ||
|---|---|---|---|
| 003 | UPN | ||
| 005 | 20240412063636.0 | ||
| 008 | 991125s1924 mx 000 0 spa u | ||
| 035 | _aUPN01000004668 | ||
| 040 |
_aMX-MxUPN _bspa _cMX-MxUPN |
||
| 041 | _aspa | ||
| 050 | 4 |
_aF1233.5 C3 _bE43 |
|
| 245 | 0 | 3 |
_aEl asesinato de Carrillo Puerto : _bdiscursos y artículos en elogio del ilustre mártir, y protestas contra sus infames asesinos |
| 260 |
_aMéxico : _b[editor no identificado], _c1924. |
||
| 300 |
_a112 páginas: _e[1] hoja de láminas |
||
| 600 | 1 | 0 |
_aCarrillo Puerto, Felipe, _d1872?-1924 _97491 |
| 902 | _bMaríaRobles/110424 | ||
| 905 | _aLibro | ||
| 942 |
_2lcc _cLIBRO _n0 |
||
| 999 |
_c4668 _d4668 |
||